Smernica 2012/27/EÚ o energetickej efektívnosti a jej implementácia v podmienkach Slovenskej republiky

Enregistré dans:
Détails bibliographiques
Auteur principal: Ručinský, Rastislav
Format: Chapitre de livre
Langue:slovaque
Tags: Ajouter un tag
Pas de tags, Soyez le premier à ajouter un tag!

MARC

LEADER 00000nla a2200000 4500
001 0183931
005 20240502073142.5
041 0 |a slo 
044 |a SK 
245 1 0 |a Smernica 2012/27/EÚ o energetickej efektívnosti a jej implementácia v podmienkach Slovenskej republiky  |c Rastislav Ručinský 
500 |a Abstrakt 
100 1 |a Ručinský, Rastislav